|
|
|
|
| LEADER |
00000nam0a2200000 4500 |
| 001 |
345661 |
| 005 |
20231102005811.0 |
| 010 |
|
|
|a 9785901003589
|
| 035 |
|
|
|a (RuTPU)RU\TPU\book\377514
|
| 090 |
|
|
|a 345661
|
| 100 |
|
|
|a 20210208d2020 k y0rusy50 ca
|
| 101 |
0 |
|
|a rus
|
| 102 |
|
|
|a RU
|
| 105 |
|
|
|a a z 001zy
|
| 200 |
1 |
|
|a Геоэкологические аспекты оптимизации степных ландшафтов в условиях разработки нефтегазовых месторождений
|f К. В. Мячина
|g Российская академия наук, Уральское отделение, Институт степи
|
| 210 |
|
|
|a Москва
|c Медиа-Пресс
|d 2020
|
| 215 |
|
|
|a 216 с.
|c ил.
|
| 320 |
|
|
|a Библиогр.: с. 166-200
|
| 330 |
|
|
|a В монографии раскрываются полимасштабные изменения ландшафтов степной зоны в условиях нефтегазодобычи и пути их сохранения. Обоснована целесообразность использования геосистемного и полимасштабного подходов к исследованию пространственно-временных отношений, выявлению закономерностей трансформации ландшафтов и путей их оптимизации. Разработаны теоретико-методологические основы и методы мониторинга изменений на участках нефтегазодобычи Волго-Уральского степного региона и зарубежных аналогов, предложен алгоритм регионального геоэкологического анализа. Получена принципиально новая информация о вариантах, структуре и закономерностях трансформации степных ландшафтов (площадь нарушенных земель, степень фрагментации, тепловые и газохимические ареалы, развитие эрозионных процессов, изменение биоразнообразия, взаимодействие с пахотными угодьями и пр.), предложены прогнозные сценарии развития геоэкологической обстановки в Волго-Уральском степном регионе в связи с продолжающейся добычей нефти и газа. Расширен и уточнен понятийно-терминологический аппарат исследования, формирующий единую теоретико-методологическую базу основ геоэкологического мониторинга трансформируемых степных ландшафтов. Сформулировано понятие "природно-техногенная геосистема нефтегазового месторождения", базовые принципы ее формирования и функционирования с позиций эквифинальности этапов и стадий ее развития. Разработаны основные направления и подходы к оптимизации ландшафтов в степных регионах нефтегазодобычи, включая последовательность оптимизационных действий на этапах планирования нефтегазодобывающего природопользования, функционирования природно-техногенной геосистемы нефтегазового месторождения (с учетом стадийности ее развития), ликвидации объектов нефтегазодобычи.
|
| 606 |
1 |
|
|a Нефтегазодобывающий комплекс
|x Влияние на окружающую среду
|2 stltpush
|3 (RuTPU)RU\TPU\subj\73563
|
| 610 |
1 |
|
|a степные ландшафты
|
| 610 |
1 |
|
|a оптимизация
|
| 610 |
1 |
|
|a геологические аспекты
|
| 610 |
1 |
|
|a нефтегазовые месторождения
|
| 610 |
1 |
|
|a разработка
|
| 610 |
1 |
|
|a техногенная трансформация
|
| 610 |
1 |
|
|a геосистемы
|
| 610 |
1 |
|
|a степные зоны
|
| 675 |
|
|
|a 504.05
|v 4
|
| 700 |
|
1 |
|a Мячина
|b К. В.
|
| 712 |
0 |
2 |
|a Российская академия наук
|b Уральское отделение
|b Институт степи
|c (Оренбург)
|2 stltpush
|3 (RuTPU)RU\TPU\col\19376
|9 27467
|
| 801 |
|
1 |
|a RU
|b 63413507
|c 20210208
|
| 801 |
|
2 |
|a RU
|b 63413507
|c 20220112
|g RCR
|
| 942 |
|
|
|c BK
|